00957cam a22002417a 4500003000500000005001700005008004100022010001000063011001000073035001000083040000900093100003200102245021500134260005800349300000900407500012200416650002500538650003000563650003500593650002600628700003100654700003000685CHAP20220329141032.0971013s1992 r 00010 d a61648 a62620 a66794 cCHAP00aDimas Chávez, Benjamín. 0aMicroempresab: maquiladora de rastrojo de maíz y venta de insumos para la elaboración de raciones balanceadas para el mejoramiento de la ganadería familiar en el municipio de Ario de Rosales, Michoacán aMontecillo, Méx. :bColegio de Postgraduados,c1992 a4 h. aAntepropuestas para presentarse ante la Organización de las Naciones Unidas para la Agricultura y la Alimentación14aEmpresas pequeñas.14aGanaderíaxMichoacán.14aGanado vacunoxAlimentación.14aMaízxSubproductos.0 aLópez Alcocer, Fernando.0 aTorre, Telésforo de la.